Technical drawing 101 with AutoCAD 2020 : (Record no. 7344)
[ view plain ]
| 000 -LEADER | |
|---|---|
| fixed length control field | 00760nam a22002177a 4500 |
| 003 - CONTROL NUMBER IDENTIFIER | |
| control field | OSt |
| 005 - DATE AND TIME OF LATEST TRANSACTION | |
| control field | 20211007095155.0 |
| 008 - FIXED-LENGTH DATA ELEMENTS--GENERAL INFORMATION | |
| fixed length control field | 211007b ||||| |||| 00| 0 eng d |
| 020 ## - INTERNATIONAL STANDARD BOOK NUMBER | |
| International Standard Book Number | 9781630572846 |
| 040 ## - CATALOGING SOURCE | |
| Transcribing agency | DDC |
| 082 ## - DEWEY DECIMAL CLASSIFICATION NUMBER | |
| Classification number | 604.2 SMI 2019 |
| 100 ## - MAIN ENTRY--PERSONAL NAME | |
| Personal name | Smith, Douglas: Antonio, Ramirez: Ashleigh, Fuller |
| 9 (RLIN) | 15048 |
| 245 ## - TITLE STATEMENT | |
| Title | Technical drawing 101 with AutoCAD 2020 : |
| Remainder of title | a multidisciplinary guide to drafting theory and practice with video instruction. |
| 260 ## - PUBLICATION, DISTRIBUTION, ETC. (IMPRINT) | |
| Place of publication, distribution, etc. | Mission, KS : |
| Name of publisher, distributor, etc. | SDC Publications, [2019] |
| Date of publication, distribution, etc. | ©2019 |
| 300 ## - PHYSICAL DESCRIPTION | |
| Extent | xii, 532 pages : |
| Other physical details | illustrations ; |
| Dimensions | 28 cm. |
| 504 ## - BIBLIOGRAPHY, ETC. NOTE | |
| Bibliography, etc | Includes index. |
| 650 ## - SUBJECT ADDED ENTRY--TOPICAL TERM | |
| Topical term or geographic name as entry element | AutoCAD. |
| 9 (RLIN) | 12363 |
| 650 ## - SUBJECT ADDED ENTRY--TOPICAL TERM | |
| Topical term or geographic name as entry element | Engineering graphics. |
| 9 (RLIN) | 15049 |
| 650 ## - SUBJECT ADDED ENTRY--TOPICAL TERM | |
| Topical term or geographic name as entry element | Computer-aided design. |
| 9 (RLIN) | 15050 |
| 942 ## - ADDED ENTRY ELEMENTS (KOHA) | |
| Source of classification or shelving scheme | Dewey Decimal Classification |
| Koha item type | Book |
| Withdrawn status | Lost status | Source of classification or shelving scheme | Damaged status | Not for loan | Home library | Current library | Date acquired | Source of acquisition | Inventory number | Total Checkouts | Full call number | Barcode | Date last seen | Price effective from | Koha item type |
|---|---|---|---|---|---|---|---|---|---|---|---|---|---|---|---|
| Dewey Decimal Classification | MUST Main Library | MUST Main Library | 07/10/2021 | Purchase | 21/41596 | 604.2 SMI 2019 | 2021-1434 | 07/10/2021 | 07/10/2021 | Book | |||||
| Dewey Decimal Classification | MUST Main Library | MUST Main Library | 07/10/2021 | Purchase | 21/41595 | 604.2 SMI 2019 | 2021-1435 | 07/10/2021 | 07/10/2021 | Book |
